000
00352nam a2200157Ia 4500
003
OSt
005
20240311111555.0
008
170523s9999 xx 000 0 und d
020
_a
978-0761997955
040
_c
iimtu meerut
100
_a
SADHAK- H
245
0
_a
MUTUAL FUNDS IN iNDIA
260
_b
RESPONSE BOOKS
260
_c
2002
942
_2
ddc
_c
02
999
_c
1323
_d
1323